| 000 | 00527nam a2200169 4500 | ||
|---|---|---|---|
| 001 | 1559 | ||
| 005 | 20181127163517.0 | ||
| 020 | 0 | 0 | _a9789993617105 |
| 090 | 0 | 0 | _a243.9 S6168L 2009 |
| 100 | 0 | 0 | _aDargye, Yonten. |
| 245 | 0 | 0 |
_aLife of King Sindha (Chakhar Gyalpo) : _bThe clear mirror of predictions / _cDargye Yonten. _h |
| 260 | 0 | 0 |
_aThimphu : _bNational Library and Archives of Bhutan, _c2009. |
| 300 | 0 | 0 | _a193 p. : col. ill. |
| 500 | 0 | 0 | _aIn English. |
| 650 | 0 | 0 |
_aBuddhism _xDoctrines. |
| 650 | 0 | 0 |
_aBuddhism --Bhutan --History. _x |
| 999 |
_c1162 _d1162 |
||